LEADER 00949nam a2200217 i 4500 001 000000166058 003 CaOOAMICUS 005 20240606140651.0 008 071105s1972 it u000 u ita u 040 $aSeMil$bita 245 03$aLa Milano nera di Scebanenco /$ca cura di Oreste Del Buono. 264 1$a[Milano] :$bGarzanti,$c1972. 300 $aXXIV, 740 p. ;$c23 cm. 500 $aContiene: Venere privata ; Traditori di tutti ; I ragazzi del massacro ; I milanesi ammazzano al sabato ; racconti milanesi tratti da: Milano calibro 9 e Il centodelitti 700 1 $aDel Buono, Oreste,$d<1923-2003>.$0(OLS)http://semarc/name/3892 850 $aSeMil 852 $aSeMil$W1$xVenegono$y1$m1B V 224$j248668$B117229$CSeMilBibl$Z2$F128035 $81 961 $aRecupero: Altro 996 $6245$aLa Milano nera di Scebanenco$9(OLS)http://semarc/title/237150 996 $6264$a[Milano] :$bGarzanti$9(OLS)http://semarc/publisher/31829 LEADER 00548nab a2200145 i 4500 001 000000269839 003 CaOOAMICUS 005 20081027000000.0 008 081027n xx uu u0 0und r 013 $a15924 040 $aSeMil$bita 245 12$aI giovani e il lavoro. - 16 p. - Titolo principale dalla prima pagina. 500 $a26 ottobre 2008. 773 0 $t[2008 : Luglio-Dicembre].$dBologna : Centro Editoriale Dehoniano, 2008.$w()173209 996 $6245$aI giovani e il lavoro. - 16 p. - Titolo principale dalla prima pagina.$9(OLS)http://semarc/title/359253